Analýza konsolidovaných účtovných výkazov (kvantitatívny prístup)

Obsahom príspevku sú základné ukazovatele, ktoré sa používajú v technickej analýze, ich význam a interpretácia výsledkov. Kvantitatívna (technická) analýza konsolidovaného celku. Analýza rentability. Vzorce.

Gespeichert in:
Bibliographische Detailangaben
1. Verfasser: Sedláček, Jaroslav
Weitere Verfasser: Hvoždarová, Jana
Format: Buchkapitel
Sprache:Slowakisch
Schlagworte:
Tags: Tag hinzufügen
Keine Tags, Fügen Sie das erste Tag hinzu!

MARC

LEADER 00000naa a2200000 4500
001 r044632
005 20231002074520.0
041 0 |a slo 
044 |a SK 
245 1 0 |a Analýza konsolidovaných účtovných výkazov (kvantitatívny prístup)  |c Jaroslav Sedláček, Jana Hvoždarová 
520 |a Obsahom príspevku sú základné ukazovatele, ktoré sa používajú v technickej analýze, ich význam a interpretácia výsledkov. Kvantitatívna (technická) analýza konsolidovaného celku. Analýza rentability. Vzorce. 
610 2 0 |a výkazy účtovné konsolidované 
610 2 0 |a analýza technická 
610 2 0 |a analýza kvantitatívna 
610 2 0 |a rentabilita 
610 2 0 |a vzorce 
100 1 |a Sedláček, Jaroslav 
700 1 |a Hvoždarová, Jana